000
00307nam a2200145Ia 4500
100
_a
Rifkin/Ira
942
_c
BK
366
_f
28
245
_a
75 people who changed the world
260
_b
Jaico Publishing House
_c
2015
082
_b
RIF
300
_a
277
546
_a
ENGLISH
_c
Computers
999
_c
34666
_d
34666